Forum Maal Hijrah 1424 [ Kesejahteraan keluarga keutuhan ummah :
| Corporate Author: | |
|---|---|
| Format: | Conference Proceeding Book |
| Published: |
Bangi :
Institut Penilaian Negara ,
2003
|
| Subjects: |
MARC
| LEADER | 00000cam a2200000 7i4500 | ||
|---|---|---|---|
| 001 | 0000017343 | ||
| 005 | 20110720.0 | ||
| 040 | |a INS | ||
| 090 | 0 | 0 | |a BP 175 |
| 245 | 0 | 6 | |a Forum Maal Hijrah 1424 [ |h cakera video] : |b Kesejahteraan keluarga keutuhan ummah : |b 22 Mac 2003 |
| 260 | |a Bangi : |b Institut Penilaian Negara , |c 2003 | ||
| 300 | |a 2 cakera video (120 min.) ; |c by., wrn. ; |c 4 3/4 in. | ||
| 505 | 1 | |a Juga terdapat dalam dormat vhs :VHS 957 | |
| 650 | 0 | 0 | |a Islam |x Unity |
| 711 | 1 | |a Institut Penilaian Negara | |
| 999 | |a VCD0000757 |b VIDEO CD |c Media Collection |e Default branch | ||